[Event "O Pohár mìsta Øíèany 2015 - OPEN A"]
[Site "Øíèany"]
[Date "2015.08.23"]
[Round "2.38"]
[White "Havlicek, Pavel"]
[Black "Zizka, Petr"]
[Result "0-1"]
[WhiteElo "1673"]
[BlackElo "1886"]
[PlyCount "0"]
[EventDate "2015.08.22"]

1. b4 a5 2. b5 d5 3. e3 c5 4. Bb2 Nf6 5. a4 Bf5 6. d4 e6 7. Bd3 Bg6 8. Ba3 Nbd7
9. Nf3 Bd6 10. Bxg6 hxg6 11. Bb2 Qc7 12. h3 Rc8 13. Nbd2 cxd4 14. exd4 Qxc2
15. Qxc2 Rxc2 16. Rb1 Bb4 17. Kd1 Rc7 18. Ke2 Ke7 19. Rhc1 Rhc8 20. Rxc7 Rxc7
21. Rc1 Rxc1 22. Bxc1 Nb6 23. Nb3 Nxa4 24. Ne5 Nc3+ 0-1

[Event "O Pohár mìsta Øíèany 2015 - OPEN A"]
[Site "Øíèany"]
[Date "2015.08.23"]
[Round "2.39"]
[White "Tvrdy, Jindrich"]
[Black "Hrbek, Stepan"]
[Result "1/2-1/2"]
[WhiteElo "1885"]
[BlackElo "1683"]
[PlyCount "0"]
[EventDate "2015.08.22"]

1. e4 e5 2. Nc3 Nf6 3. Bc4 Nxe4 4. Qh5 Nd6 5. Bb3 Be7 6. Nf3 Nc6 7. Nxe5 Nxe5
8. Qxe5 O-O 9. d3 Re8 10. O-O Bf6 11. Qf4 b6 12. Bd5 Be5 13. Qg4 c6 14. Bb3 Qf6
15. Rb1 Bd4 16. Bg5 Qe5 17. Bf4 Qf6 18. Bg5 1/2-1/2

[Event "O Pohár mìsta Øíèany 2015 - OPEN A"]
[Site "Øíèany"]
[Date "2015.08.23"]
[Round "2.40"]
[White "Chajda, Patrik"]
[Black "Stojkovic, Andrea"]
[Result "0-1"]
[WhiteElo "1647"]
[BlackElo "1872"]
[PlyCount "0"]
[EventDate "2015.08.22"]

1. e4 c5 2. Nf3 Nf6 3. Nc3 Nc6 4. d4 d5 5. exd5 Nxd5 6. dxc5 Nxc3 7. Qxd8+ Kxd8
8. bxc3 e5 9. Ng5 Ke8 10. Be3 f5 11. f3 Be7 12. Nh3 Be6 13. g3 h6 14. Nf2 Kf7
15. Bb5 Bf6 16. O-O Rhd8 17. Nd3 g5 18. g4 f4 19. Bc1 e4 20. fxe4 Bxc3 21. Bb2
Rxd3 22. cxd3 Bxb2 23. Rab1 Bd4+ 24. Kg2 Bxc5 25. Bc4 Bxc4 26. Rxb7+ Ke6
27. dxc4 Ne5 28. Rd1 f3+ 29. Kf1 Nxg4 30. Rc7 Bb6 31. Rg7 Rc8 32. Rc1 0-1

[Event "O Pohár mìsta Øíèany 2015 - OPEN A"]
[Site "Øíèany"]
[Date "2015.08.23"]
[Round "2.41"]
[White "Paulovic, Milan"]
[Black "Vlkova, Anezka"]
[Result "1-0"]
[WhiteElo "1871"]
[BlackElo "1564"]
[PlyCount "0"]
[EventDate "2015.08.22"]

1. c4 e5 2. Nc3 Nc6 3. g3 g6 4. Bg2 Bg7 5. Nf3 d6 6. O-O f5 7. e3 e4 8. Ne1 Be6
9. b3 Nf6 10. Bb2 d5 11. cxd5 Nxd5 12. Qe2 O-O 13. Na4 Bxb2 14. Nxb2 Qf6 15. d3
Nc3 16. Qd2 Nb4 17. d4 Ncxa2 18. Nc4 b5 19. Na5 c5 20. f3 cxd4 21. Rxa2 Nxa2
22. exd4 Rad8 23. Nc6 Rd6 24. fxe4 Rd7 25. Qxa2 Bf7 26. d5 Qc3 27. Qc2 Qe3+
28. Kh1 fxe4 29. Bh3 Bxd5 30. Rxf8+ Kxf8 31. Ng2 Qf3 32. Qc5+ Kf7 1-0

[Event "O Pohár mìsta Øíèany 2015 - OPEN A"]
[Site "Øíèany"]
[Date "2015.08.23"]
[Round "2.42"]
[White "Otruba, Marek"]
[Black "Rastocny, Josef"]
[Result "1/2-1/2"]
[WhiteElo "1629"]
[BlackElo "1860"]
[PlyCount "0"]
[EventDate "2015.08.22"]

1. d4 Nf6 2. Bf4 e6 3. Nf3 b6 4. e3 Bb7 5. h3 Be7 6. Bd3 d6 7. Nbd2 Nbd7 8. Nc4
O-O 9. c3 h6 10. Rg1 Ne4 11. g4 Bg5 12. Bxg5 Nxg5 13. Nxg5 Qxg5 14. Qd2 f5
15. O-O-O f4 16. Rde1 Rae8 17. e4 e5 18. f3 d5 19. Nxe5 Nxe5 20. dxe5 Rxe5
21. Qc2 Rfe8 22. Re2 dxe4 23. Bxe4 Bxe4 24. Rxe4 Rxe4 25. fxe4 f3+ 26. Qd2 Qxd2+
27. Kxd2 Rxe4 28. Re1 Ra4 29. a3 f2 30. Rf1 Rf4 31. Ke3 Rf6 32. Rxf2 Rxf2
33. Kxf2 Kf7 34. Kf3 Ke6 35. Ke4 c6 36. h4 g6 37. b3 a6 38. Kf3 Ke5 39. Ke3 a5
40. Kf3 b5 1/2-1/2

[Event "O Pohár mìsta Øíèany 2015 - OPEN A"]
[Site "Øíèany"]
[Date "2015.08.23"]
[Round "3.1"]
[White "Plat, Vojtech"]
[Black "Jelinek, Michal"]
[Result "1-0"]
[WhiteElo "2451"]
[BlackElo "2178"]
[PlyCount "0"]
[EventDate "2015.08.22"]

1. e4 e6 2. d4 d5 3. Nd2 c5 4. exd5 Qxd5 5. Ngf3 cxd4 6. Bc4 Qd7 7. O-O a6
8. Nb3 b5 9. Be2 Bb7 10. Nbxd4 Nf6 11. Ne5 Qc7 12. Bf4 Nd5 13. Bg3 Bd6 14. Bxb5+
Kf8 15. Re1 Qc5 16. Qf3 1-0

[Event "O Pohár mìsta Øíèany 2015 - OPEN A"]
[Site "Øíèany"]
[Date "2015.08.23"]
[Round "3.2"]
[White "Starek, Stanislav"]
[Black "Vojta, Tomas"]
[Result "1/2-1/2"]
[WhiteElo "2165"]
[BlackElo "2387"]
[PlyCount "0"]
[EventDate "2015.08.22"]

1. e4 d5 2. exd5 Nf6 3. d4 Bg4 4. Nf3 Qxd5 5. Be2 Nc6 6. h3 Bxf3 7. Bxf3 Qd7 8.
c3 e6 9. O-O Be7 10. Nd2 O-O 11. Nc4 Nd5 12. Qb3 Rab8 13. Rd1 b5 14. Ne5 Nxe5 15.
dxe5 c6 16. a4 Qc7 17. axb5 Rxb5 18. Qc4 Rc8 19. Bxd5 Rxd5 20. Rxd5 exd5 21. Qg4
Rd8 22. Bh6 Qxe5 23. Rxa7 Qe1+ 24. Kh2 Bd6+ 25. f4 Bf8 26. Rc7 Qe8 27. Bg5 Rb8
28. Bf6 g6 29. Qd7 Qxd7 30. Rxd7 Bg7 31. Bxg7 Kxg7 32. b4 Rc8 33. Rd6 Rc7 34. b5
cxb5 35. Rxd5 Rxc3 36. Rxb5 h5 37. h4 Kf6 38. Rg5 Re3 39. Rc5 Ke6 40. Rg5 Rd3 41.
f5+ gxf5 42. Rxh5 f4 43. Ra5 Kf6 44. Rb5 Re3 45. Rc5 Kg6 46. Rg5+ Kf6 47. Rc5 Rg3
48. Rb5 Kg6 49. Ra5 Rg4 50. Kh3 f5 51. Ra8 Rg3+ 52. Kh2 Re3 53. Ra5 Re2 54. Kh3
Re3+ 55. Kh2 f3 56. gxf3 Rxf3 57. Kg2 Rb3 58. Rc5 Rb4 59. Kg3 Rg4+ 60. Kh3 Rg1
61. Kh2 1/2-1/2

[Event "O Pohár mìsta Øíèany 2015 - OPEN A"]
[Site "Øíèany"]
[Date "2015.08.23"]
[Round "3.3"]
[White "Marikova, Jana"]
[Black "Mejzlik, Ondrej"]
[Result "1-0"]
[WhiteElo "2148"]
[BlackElo "2312"]
[PlyCount "0"]
[EventDate "2015.08.22"]

1. d4 {[%clk 1:30:58]} d5 {[%clk 1:30:53]} 2. c4 {[%clk 1:31:25]} c6
{[%clk 1:31:21]} 3. Nc3 {[%clk 1:31:51]} Nf6 {[%clk 1:31:41]} 4. Nf3
{[%clk 1:32:16]} dxc4 {[%clk 1:31:26]} 5. a4 {[%clk 1:31:54]} Nd5
{[%clk 1:31:07]} 6. e4 {[%clk 1:31:13]} Nxc3 {[%clk 1:31:21]} 7. bxc3
{[%clk 1:31:40]} b5 {[%clk 1:31:34]} 8. Be3 {[%clk 1:27:53]} e6 {[%clk 1:28:55]}
9. Be2 {[%clk 1:21:05]} Be7 {[%clk 1:28:19]} 10. O-O {[%clk 1:19:51]} O-O
{[%clk 1:27:58]} 11. Qb1 {[%clk 1:14:01]} a6 {[%clk 1:20:45]} 12. Rd1
{[%clk 1:12:53]} Bf6 {[%clk 1:18:29]} 13. e5 {[%clk 1:04:34]} Be7
{[%clk 1:18:17]} 14. Qe4 {[%clk 1:04:52]} Bb7 {[%clk 1:16:08]} 15. Qg4
{[%clk 1:02:25]} Kh8 {[%clk 1:14:41]} 16. Ng5 {[%clk 0:59:22]} Nd7
{[%clk 1:11:00]} 17. Bf3 {[%clk 0:55:25]} Bxg5 {[%clk 1:07:15]} 18. Bxg5
{[%clk 0:55:47]} Qe8 {[%clk 1:07:33]} 19. Qh4 {[%clk 0:51:57]} f6
{[%clk 0:49:40]} 20. exf6 {[%clk 0:51:21]} gxf6 {[%clk 0:50:07]} 21. Bh6
{[%clk 0:47:50]} Rg8 {[%clk 0:49:58]} 22. Re1 {[%clk 0:46:58]} Qf7
{[%clk 0:35:46]} 23. Qh3 {[%clk 0:41:28]} f5 {[%clk 0:34:14]} 24. Bf4
{[%clk 0:40:02]} Rg6 {[%clk 0:29:57]} 25. axb5 {[%clk 0:37:36]} axb5
{[%clk 0:30:16]} 26. Rxa8+ {[%clk 0:37:58]} Bxa8 {[%clk 0:30:44]} 27. Bh5
{[%clk 0:36:37]} c5 {[%clk 0:28:54]} 28. Bxg6 {[%clk 0:34:56]} Qxg6
{[%clk 0:29:20]} 29. dxc5 {[%clk 0:33:58]} Nxc5 {[%clk 0:29:11]} 30. Ra1
{[%clk 0:27:08]} Na4 {[%clk 0:27:17]} 31. Be5+ {[%clk 0:26:27]} Kg8
{[%clk 0:27:40]} 32. Rd1 {[%clk 0:22:58]} Bd5 {[%clk 0:26:49]} 33. f3
{[%clk 0:21:59]} Qg5 {[%clk 0:26:15]} 34. f4 {[%clk 0:20:52]} Qg4
{[%clk 0:23:08]} 35. Qxg4+ {[%clk 0:21:06]} fxg4 {[%clk 0:23:36]} 36. Rb1
{[%clk 0:21:15]} Bc6 {[%clk 0:23:50]} 37. Bd4 {[%clk 0:21:38]} Kf7
{[%clk 0:23:53]} 38. Kf2 {[%clk 0:21:48]} Kg6 {[%clk 0:23:37]} 39. Kg3
{[%clk 0:19:17]} Kf5 {[%clk 0:23:19]} 40. h3 {[%clk 0:19:14]} gxh3
{[%clk 0:22:58]} 41. gxh3 {[%clk 0:19:29]} h6 {[%clk 0:22:35]} 42. Re1
{[%clk 0:15:04]} Be4 {[%clk 0:22:20]} 43. Re2 {[%clk 0:14:32]} h5
{[%clk 0:17:37]} 44. h4 {[%clk 0:14:50]} b4 {[%clk 0:16:19]} 45. cxb4
{[%clk 0:15:13]} c3 {[%clk 0:16:26]} 46. Re1 {[%clk 0:14:38]} c2 {[%clk 0:15:26]}
47. b5 {[%clk 0:14:01]} Bd5 {[%clk 0:03:57]} 48. b6 {[%clk 0:13:03]} Kg6
{[%clk 0:01:22]} 49. Rc1 {[%clk 0:13:10]} Be4 {[%clk 0:01:20]} 50. Rxc2
{[%clk 0:13:01]} Nxb6 {[%clk 0:01:38]} 51. Re2 1-0

[Event "O Pohár mìsta Øíèany 2015 - OPEN A"]
[Site "Øíèany"]
[Date "2015.08.23"]
[Round "3.4"]
[White "Svatos, Jan"]
[Black "Kotyk, Vaclav"]
[Result "1-0"]
[WhiteElo "2285"]
[BlackElo "2160"]
[PlyCount "0"]
[EventDate "2015.08.22"]

1. d4 Nf6 2. Bg5 Ne4 3. h4 c5 4. d5 Qb6 5. Nd2 Nxd2 6. Bxd2 e5 7. Bc3 d6 8. e4
Nd7 9. Nf3 Qc7 10. Nd2 a6 11. a4 b6 12. Nc4 Nf6 13. Bd3 g6 14. f4 Ng4 15. h5 Bg7
16. Be2 f5 17. Bxg4 fxg4 18. h6 Bf6 19. O-O O-O 20. fxe5 dxe5 21. d6 Qc6
22. Bxe5 Bxe5 23. Rxf8+ Kxf8 24. Qf1+ Bf5 25. exf5 Bd4+ 26. Kh2 Kg8 27. c3 Bh8
28. fxg6 hxg6 29. Qd3 Kh7 30. Re1 Bf6 31. Re6 Rf8 32. Ne3 Qd7 33. Qe4 g3+
34. Kxg3 Qf7 35. Nd5 Bg5 36. Kh2 Kxh6 37. Ne7 Bf6 38. d7 Rd8 39. Nd5 Bg5
40. Nxb6 Bf4+ 41. g3 Bc7 42. Qh4+ Kg7 43. Re7 Bxb6 44. Rxf7+ Kxf7 45. Qc4+ 1-0

[Event "O Pohár mìsta Øíèany 2015 - OPEN A"]
[Site "Øíèany"]
[Date "2015.08.23"]
[Round "3.5"]
[White "Moravec, Vit"]
[Black "Krivanek, Vladimir"]
[Result "0-1"]
[WhiteElo "2209"]
[BlackElo "2105"]
[PlyCount "0"]
[EventDate "2015.08.22"]

1. c4 Nc6 2. Nf3 e5 3. Nc3 f5 4. d4 e4 5. Ng5 Nf6 6. e3 Be7 7. Be2 O-O 8. Nh3
Qe8 9. Nf4 d6 10. Bd2 Bd7 11. Ncd5 Nxd5 12. Nxd5 Bd8 13. Bc3 Ne7 14. Nf4 g5
15. Nh5 Ng6 16. Qd2 c6 17. O-O-O d5 18. Bb4 Be7 19. Bxe7 Qxe7 20. c5 b6 21. Qc3
bxc5 22. dxc5 Qe5 23. Qxe5 Nxe5 24. h4 g4 25. Nf4 Kf7 26. g3 a5 27. Rd4 Rfb8
28. Rhd1 Be6 29. R1d2 Ke7 30. Rc2 Bc8 31. Ra4 Rb4 32. b3 Rxa4 33. bxa4 Rb8
34. Rc3 Be6 35. Rc2 Nd7 36. a3 Bf7 37. Bf1 Nf8 38. Ne2 Ne6 39. Nd4 Nxd4 40. exd4
Ke6 41. Be2 h5 42. Ba6 Kf6 43. Rc3 f4 44. gxf4 Kf5 45. Re3 Kxf4 46. Rg3 Bg6
47. Kd2 Rb2+ 48. Ke1 Bf5 49. Re3 Bd7 50. Rg3 Kf5 51. Re3 Rb1+ 52. Kd2 Rh1
53. Rb3 Rxh4 54. Bf1 Rh2 55. Ke3 h4 56. Rb8 Rh1 57. Ke2 g3 58. fxg3 hxg3 59. Rg8
Kf4 60. Rf8+ Bf5 61. Bg2 Rh2 62. Kf1 e3 63. Re8 Rxg2 64. Kxg2 Be4+ 65. Kh3 e2
66. Rf8+ Bf5+ 0-1

[Event "O Pohár mìsta Øíèany 2015 - OPEN A"]
[Site "Øíèany"]
[Date "2015.08.23"]
[Round "3.6"]
[White "Hurtak, Otto"]
[Black "Hollan, Martin"]
[Result "0-1"]
[WhiteElo "1955"]
[BlackElo "2180"]
[PlyCount "0"]
[EventDate "2015.08.22"]

1. d4 e6 2. c4 f5 3. g3 Nf6 4. Bg2 Bb4+ 5. Bd2 Qe7 6. Nc3 O-O 7. Nh3 Nc6 8. a3
Bxc3 9. Bxc3 d6 10. O-O e5 11. dxe5 Nxe5 12. Nf4 c6 13. b3 Ne4 14. Bb2 Rf6
15. Qc2 Nc5 16. b4 Ncd7 17. Rfe1 g5 18. Nh3 g4 19. Nf4 Nf8 20. Nd3 Nfg6 21. f4
gxf3 22. exf3 Re6 23. Kf2 Bd7 24. Bc3 Re8 25. Nxe5 Nxe5 {špatný zápis dále} 0-1

[Event "O Pohár mìsta Øíèany 2015 - OPEN A"]
[Site "Øíèany"]
[Date "2015.08.23"]
[Round "3.7"]
[White "Vesselovsky, Serguei"]
[Black "Petr, Jakub"]
[Result "1-0"]
[WhiteElo "2348"]
[BlackElo "1750"]
[PlyCount "0"]
[EventDate "2015.08.22"]

1. e4 c5 2. Nf3 d6 3. g3 Nf6 4. d3 Nc6 5. Bg2 g6 6. O-O Bg7
7. Re1 Nd7 8. Nbd2 O-O 9. a4 Nde5 10. Nh4 Qb6 11. Rb1 Nd4 12. c3 Ndc6 13. h3 Qc7
14. Qc2 b6 15. f4 Nd7 16. Nc4 Bb7 17. Be3 Rac8 18. Rec1 Qb8 19. b4 cxb4 20. cxb4
Nd4 21. Qf2 e5 22. Nf3 Nxf3+ 23. Bxf3 exf4 24. gxf4 Nf6 {špatný zápis dále}  1-0

[Event "O Pohár mìsta Øíèany 2015 - OPEN A"]
[Site "Øíèany"]
[Date "2015.08.23"]
[Round "3.8"]
[White "Skacel, Jan"]
[Black "Gregor, Jiri"]
[Result "1-0"]
[WhiteElo "2051"]
[BlackElo "2242"]
[PlyCount "0"]
[EventDate "2015.08.22"]

1. e4 c5 2. Nf3 d6 3. d4 cxd4 4. Nxd4 Nf6 5. Nc3 a6 6. f4 Qc7 7. Bd3 Nbd7
8. Nb3 b5 9. a3 Bb7 10. Qe2 e6 11. O-O Be7 12. Bd2 O-O 13. Rae1 Nc5 14. Nxc5
Qxc5+ 15. Kh1 g6 16. Be3 Qc7 17. f5 exf5 18. exf5 Ne8 19. fxg6 hxg6 20. Qf2 Bd8
21. Bd4 {dale necitelne} 1-0

[Event "O Pohár mìsta Øíèany 2015 - OPEN A"]
[Site "Øíèany"]
[Date "2015.08.23"]
[Round "3.9"]
[White "Korsa, Jindrich"]
[Black "Vystrcil, Martin"]
[Result "1-0"]
[WhiteElo "2138"]
[BlackElo "2014"]
[PlyCount "0"]
[EventDate "2015.08.22"]

1. e4 Nf6 2. e5 Nd5 3. Nc3 Nxc3 4. dxc3 d6 5. Bc4 Nc6 6. Nf3 dxe5 7. Qxd8+ Nxd8
8. Nxe5 Be6 9. O-O g6 10. Be3 Bg7 11. Bxe6 Nxe6 12. Nd3 O-O 13. a4 b6 14. Rfd1
c5 15. Kf1 Rfd8 16. Ke2 f5 17. f3 Kf7 18. Rd2 Rd7 19. Ne5+ Bxe5 20. Rxd7 Bd6
21. Rd1 Ke8 22. R1xd6 exd6 23. Rxh7 Nf8 24. Rg7 a6 25. Bg5 Rc8 26. Re7+ Kd8
27. Rb7+ Ke8 28. Rxb6 Ne6 29. Be3 Kd7 30. Rxa6 Rb8 31. b3 Re8 32. Kd2 Nc7
33. Ra7 Kc6 34. a5 Nd5 35. Bg5 Rh8 36. h3 Rh5 37. h4 Nc7 38. c4 Ne6 39. Bf6 Nf4
40. g3 1-0

[Event "O Pohár mìsta Øíèany 2015 - OPEN A"]
[Site "Øíèany"]
[Date "2015.08.23"]
[Round "3.10"]
[White "Dlouhy, Ondrej"]
[Black "Skalicky, Tomas"]
[Result "0-1"]
[WhiteElo "1984"]
[BlackElo "2119"]
[PlyCount "0"]
[EventDate "2015.08.22"]

1. e4 d6 2. d4 Nf6 3. Nc3 e5 4. dxe5 dxe5 5. Qxd8+ Kxd8 6. Nf3 Bd6 7. Bg5 Be6
8. O-O-O Ke7 9. Nd5+ Bxd5 10. exd5 h6 11. Bh4 Nd7 12. Bb5 g5 13. Bg3 a6 14. Bxd7
Nxd7 15. Rhe1 Kf6 16. Nd2 Kg6 17. Nc4 Rae8 18. f3 f5 19. Re2 Re7 20. Be1 Nf6
21. Bc3 Rhe8 22. Na5 Rb8 23. Nc4 Rbe8 24. Na5 e4 25. Bxf6 Kxf6 26. h3 exf3
27. Rxe7 Rxe7 28. gxf3 Bf4+ 29. Kb1 b6 30. Nc4 b5 31. Na3 Re3 32. c4 Bd6 33. Nc2
Rxf3 34. cxb5 axb5 35. Nd4 Rxh3 36. Nxb5 f4 37. Nxd6 cxd6 38. b4 f3 39. b5 Rh4
40. a3 Ra4 41. Kb2 Ra5 42. a4 Rxa4 43. Kb3 Ra8 44. Kb4 g4 45. b6 f2 0-1

[Event "O Pohár mìsta Øíèany 2015 - OPEN A"]
[Site "Øíèany"]
[Date "2015.08.23"]
[Round "3.11"]
[White "Kubikova, Hana"]
[Black "Skubal, Ondrej"]
[Result "1/2-1/2"]
[WhiteElo "2107"]
[BlackElo "1725"]
[PlyCount "0"]
[EventDate "2015.08.22"]

1. d4 Nf6 2. c4 g6 3. Nc3 Bg7 4. e4 d6 5. f4 c5 6. d5 O-O 7. Nf3 e6 8. Be2 exd5
9. cxd5 Re8 10. e5 dxe5 11. fxe5 Ng4 12. Bg5 Qa5 13. O-O Nxe5 14. d6 Be6 15. Nd5
Bxd5 16. Qxd5 Nbd7 17. Nxe5 Rxe5 18. Qxf7+ Kh8 19. Qxd7 Rxg5 20. Rf7 Qd2 21. Bf3
Rf8 22. Rxf8+ Bxf8 23. Qd8 Rf5 24. Rd1 Qe3+ 1/2-1/2

[Event "O Pohár mìsta Øíèany 2015 - OPEN A"]
[Site "Øíèany"]
[Date "2015.08.23"]
[Round "3.12"]
[White "Stanek, Ondrej"]
[Black "Pycha, Patrik"]
[Result "0-1"]
[WhiteElo "1637"]
[BlackElo "2075"]
[PlyCount "0"]
[EventDate "2015.08.22"]

1. e4 e6 2. d4 d5 3. Nd2 Nf6 4. e5 Nfd7 5. Bd3 c5 6. c3 Nc6 7. Ne2 cxd4 8. cxd4
f6 9. exf6 Nxf6 10. Nf3 Bd6 11. O-O Qc7 12. Ng3 O-O 13. Bg5 Qf7 14. Re1 Nh5
15. Be3 h6 16. Nh4 Nf4 17. Bxf4 Qxf4 18. Ng6 Qxf2+ 19. Kh1 Rf6 20. Nh5 Rxg6
21. Bxg6 Qh4 22. h3 Qg5 23. Qd3 Ne7 24. Be8 Nf5 25. g4 Nh4 26. Rf1 e5 27. Rf7
Bf5 28. Rxf5 Nxf5 29. dxe5 Rxe8 30. exd6 Nxd6 31. Kh2 Qe5+ 32. Kg1 Ne4 33. Re1
Qd6 34. Ng3 Qb6+ 35. Qe3 Qxb2 36. Nxe4 Rxe4 37. Qg3 Qd4+ 38. Kf1 Rxe1+ 39. Qxe1
Qc4+ 40. Kg1 Qe4 41. Qh4 d4 42. Qd8+ Kh7 43. g5 Qe3+ 44. Kh2 Qf2+ 45. Kh1 Qf3+
46. Kh2 Qf4+ 47. Kh1 hxg5 48. Qd5 Qc1+ 49. Kh2 Qc2+ 50. Kg1 Qd1+ 51. Kh2 Qe2+
52. Kh1 d3 53. Qxg5 Qd1+ 54. Kh2 Qe2+ 55. Kh1 Qf3+ 56. Kh2 Qe2+ 57. Kh1 d2
58. Qh4+ Kg6 59. Qg3+ Kf5 0-1

[Event "O Pohár mìsta Øíèany 2015 - OPEN A"]
[Site "Øíèany"]
[Date "2015.08.23"]
[Round "3.13"]
[White "Hollan, Petr"]
[Black "Cermak, Jan"]
[Result "1-0"]
[WhiteElo "2070"]
[BlackElo "1962"]
[PlyCount "0"]
[EventDate "2015.08.22"]

1. e4 e6 2. d3 d5 3. Nd2 c5 4. Ngf3 Nc6 5. g3 Nf6 6. Bg2 Be7 7. O-O O-O 8. Re1
b5 9. e5 Nd7 10. Nf1 Qc7 11. Bf4 c4 12. h4 Nc5 13. d4 Na4 14. Rb1 Rb8 15. Ng5 b4
16. Ne3 c3 17. b3 Nb2 18. Qh5 Bxg5 19. hxg5 Nxd4 20. Nxd5 exd5 21. e6 Qb7
22. Bxb8 Bxe6 23. Be5 Nxc2 24. Re2 Na3 25. Rbxb2 cxb2 26. Bxb2 Nb5 27. Qf3 Rc8
28. Bf1 Nc3 29. Rd2 Ne4 30. Rd4 Rc2 31. Qxe4 Rxb2 32. Rxb4 Qc8 33. Qe5 f6
34. Qxb2 1-0

[Event "O Pohár mìsta Øíèany 2015 - OPEN A"]
[Site "Øíèany"]
[Date "2015.08.23"]
[Round "3.14"]
[White "Cabart, Pavel"]
[Black "Hanl, Frantisek"]
[Result "1/2-1/2"]
[WhiteElo "1704"]
[BlackElo "2052"]
[PlyCount "0"]
[EventDate "2015.08.22"]

1. e4 c5 2. Nf3 e6 3. d4 cxd4 4. Nxd4 Nc6 5. Nc3 Nf6 6. Be3 Bb4 7. f3 d5 8. Bb5
Bd7 9. Bxc6 bxc6 10. e5 c5 11. Nb3 d4 12. exf6 dxc3 13. O-O cxb2 14. Rb1 Qxf6
15. Nxc5 Rd8 16. Nb7 O-O 17. Nxd8 Rxd8 18. Bd4 e5 19. Rxb2 Ba5 20. Bxa7 Bb5
21. Qb1 Bxf1 1/2-1/2

[Event "O Pohár mìsta Øíèany 2015 - OPEN A"]
[Site "Øíèany"]
[Date "2015.08.23"]
[Round "3.15"]
[White "Hadrava, Jaroslav"]
[Black "Hrdina, Robin"]
[Result "1/2-1/2"]
[WhiteElo "1927"]
[BlackElo "2144"]
[PlyCount "0"]
[EventDate "2015.08.22"]

1. e4 c5 2. Nf3 e6 3. c4 Nc6 4. d4 cxd4 5. Nxd4 Nf6 6. Nc3 Bb4 7. Nxc6 bxc6
8. Bd3 e5 9. O-O O-O 10. a3 Be7 11. b4 d6 12. Bb2 Be6 13. Qe2 Qc7 14. Rac1 Nd7
15. Rc2 Qb7 16. Rb1 f5 17. exf5 Bxf5 18. Bc1 Bxd3 19. Qxd3 Nf6 20. Re2 Rad8
21. f3 Qc7 22. Rc2 Kh8 23. Be3 Qd7 24. Ne4 Nh5 25. Ng5 Bxg5 26. Bxg5 Nf4
27. Bxf4 Rxf4 28. Re1 Rd4 29. Qe3 Re8 30. Rc3 h6 31. Qc1 a5 32. Re4 Qa7 33. c5
axb4 34. axb4 Rd8 35. Rxd4 exd4 36. Rd3 dxc5 37. bxc5 Rd5 38. Kf2 Rxc5 39. Qf4
Rd5 40. h4 Qd7 41. Rb3 d3 42. Rb8+ Kh7 43. Qe4+ g6 44. Re8 Qxe8 45. Qxe8 d2
46. Qf7+ Kh8 47. Qxd5 cxd5 48. Ke2 Kg7 49. Kxd2 Kf6 50. Kd3 Ke5 51. g3 d4
52. Kd2 1/2-1/2

[Event "O Pohár mìsta Øíèany 2015 - OPEN A"]
[Site "Øíèany"]
[Date "2015.08.23"]
[Round "3.16"]
[White "Rut, Vojtech"]
[Black "Vavrinec, Tomas"]
[Result "1/2-1/2"]
[WhiteElo "2090"]
[BlackElo "1918"]
[PlyCount "0"]
[EventDate "2015.08.22"]

1. d4 Nf6 2. c4 c5 3. d5 e6 4. Nc3 exd5 5. cxd5 d6 6. Nf3 g6 7. g3 Bg7 8. Bg2
O-O 9. O-O Na6 10. Nd2 Nc7 11. a4 b6 12. Qb3 Ba6 13. Re1 Re8 14. h3 Nd7 15. e4
Ne5 16. Nb5 Bxb5 17. axb5 Qd7 18. Bf1 g5 19. f4 gxf4 20. gxf4 Ng6 21. Nf3 Kh8
22. Bd2 1/2-1/2

[Event "O Pohár mìsta Øíèany 2015 - OPEN A"]
[Site "Øíèany"]
[Date "2015.08.23"]
[Round "3.17"]
[White "Tejkal, Jiri"]
[Black "Hadzala, Daniel"]
[Result "0-1"]
[WhiteElo "1909"]
[BlackElo "2045"]
[PlyCount "0"]
[EventDate "2015.08.22"]

1. d4 Nf6 2. Nf3 d6 3. c4 g6 4. Nc3 Bg7 5. e4 O-O 6. Be2 Nbd7 7. O-O e5 8. Re1
Re8 9. d5 Nc5 10. Bf1 a5 11. b3 Nh5 12. g3 f5 13. Nd2 f4 14. Be2 Nf6 15. Rb1 h5
16. f3 Bh3 17. Nf1 g5 18. a3 a4 19. Nxa4 Nxa4 20. bxa4 Qb8 21. Bd3 Qa7+ 22. Kh1
Qf2 23. Ne3 fxe3 24. Rg1 g4 25. Be2 gxf3 26. Bxf3 Ng4 27. Bg2 e2 0-1

[Event "O Pohár mìsta Øíèany 2015 - OPEN A"]
[Site "Øíèany"]
[Date "2015.08.23"]
[Round "3.18"]
[White "Horak, Martin"]
[Black "Paulovic, Milan"]
[Result "1/2-1/2"]
[WhiteElo "2019"]
[BlackElo "1871"]
[PlyCount "0"]
[EventDate "2015.08.22"]

1. e4 c5 2. Nf3 Nc6 3. d4 cxd4 4. Nxd4 Nf6 5. Nc3 d6 6. Nb3 g6 7. Be2 Bg7
8. O-O O-O 9. Bg5 a6 10. f4 b5 11. Bf3 Qb6+ 12. Kh1 Ra7 13. Bxf6 Bxf6 14. Nd5
Qd8 15. Nxf6+ exf6 16. e5 d5 17. Qxd5 Qxd5 18. Bxd5 Nb4 19. Be4 Bb7 20. Bd3 fxe5
21. fxe5 Re8 22. Rae1 Bd5 23. Nc5 Rc7 24. Ne4 Bxe4 25. Rxe4 Nxd3 26. cxd3 Rc2
27. b4 Rd2 28. Kg1 Rxd3 29. Rfe1 Rd2 30. a3 Rd3 31. R1e3 Rxe3 32. Rxe3 f6
33. Rf3 f5 34. Rd3 Kf7 35. Rd6 Re6 36. Rd7+ Re7 37. Rd6 Re6 38. Rd5 h5 39. Rc5
Rb6 40. Kf2 g5 41. Ke3 Ke6 42. h4 gxh4 43. Kf4 Rb8 44. Rc6+ Kd7 45. Rxa6 Rg8
46. Kxf5 Rxg2 47. Ra7+ Kc6 48. Rh7 h3 49. Rxh5 Rg3 50. Ke6 Rxa3 51. Ke7 Rb3
52. Rh4 h2 53. Rxh2 Rxb4 54. Re2 Kd5 55. e6 Rh4 56. Kd8 Rh8+ 57. Kc7 b4 58. e7
b3 59. Re3 Kc4 60. e8=Q Rxe8 61. Rxe8 Kc3 62. Re3+ Kc2 63. Rxb3 Kxb3 1/2-1/2

[Event "O Pohár mìsta Øíèany 2015 - OPEN A"]
[Site "Øíèany"]
[Date "2015.08.23"]
[Round "3.19"]
[White "Lacina, Filip"]
[Black "Nova, Michaela"]
[Result "1/2-1/2"]
[WhiteElo "2017"]
[BlackElo "1828"]
[PlyCount "0"]
[EventDate "2015.08.22"]

1. e4 e6 2. d3 d5 3. Nd2 Nf6 4. Ngf3 Be7 5. g3 O-O 6. Bg2 c5 7. O-O Nc6 8. e5
Nd7 9. Re1 Qc7 10. Qe2 b6 11. Nf1 Bb7 12. h4 Rac8 13. Bf4 Nd4 14. Qd1 Nxf3+
15. Qxf3 Rb8 16. Nh2 Rfd8 17. Qg4 d4 18. Be4 b5 19. Nf3 Nb6 20. Ng5 Bxe4
21. Rxe4 Bf8 22. Kh2 Nd5 23. Rae1 Qd7 24. R4e2 Rbc8 25. Ne4 Kh8 26. h5 Be7
27. h6 g6 28. Bg5 Rb8 29. Qf3 Kg8 30. c4 dxc3 31. bxc3 Bxg5 32. Nxg5 Qe7 33. Ne4
Nb6 34. Nf6+ Kh8 35. Ng4 Nd5 36. Rc1 c4 37. dxc4 bxc4 38. Rd1 Rdc8 39. Red2 Rd8
40. Kg2 Kg8 41. Nf6+ Nxf6 42. exf6 Qc7 43. Rxd8+ Rxd8 44. Rxd8+ Qxd8 45. Qc6 Kf8
46. Qxc4 Qxf6 47. Qc8+ Ke7 48. Qc7+ Ke8 49. Qxa7 Qxc3 50. Qa8+ Ke7 51. a4 f5
52. a5 e5 53. Qb7+ Kd6 54. Qxh7 Qc6+ 55. Kh2 Qf3 56. Qxg6+ Kd5 57. Qb6 Qh5+
58. Kg2 f4 59. f3 fxg3 60. Qb5+ Kd4 61. Qb4+ Kd5 62. Qe4+ Kc5 63. Qe3+ Kb5
64. Kxg3 Kxa5 65. Qc3+ 1/2-1/2